01293cam a22003497a 450000100090000000300050000900500170001400800410003101000170007201500190008902000150010803500240012303800160014704000400016304200140020305000200021708200160023710000470025324501390030025000120043926000720045130000330052350000410055650000200059753000240061756300150064165000240065665000350068070000300071570000320074577601660077717541285NUST20211206161404.0121127s2012 enka 001 0 eng d a 2012472494 aGBB2331372bnb a0750651202 a(OCoLC)ocn809028855 aAsim zubair aQCLbengcQCLdOCLCOdCDXdKSUdDLC alccopycat00aT353b.S48 200404a604.02bSIM1 aSimmons, C. H. & Maguire, D. Eq(Colin H.)10aManual of Engineering Drawing :b to British and international standards /cColin H. Simmons, Neil Phelps, the late Dennis E. Maguire. a2th ed. aOxford ;aWaltham [Mass.] :bElsevier/Butterworth-Heinemann,c2004. aix, 295 p. :bill. ;c28 cm. aPrevious ed.: London : Newnes, 2009. aIncludes index. aAlso issued online. aHard cover 0aMechanical drawing. 0aMechanical drawingxStandards.1 aPhelps, Neil,cIEng MIED.1 aMaguire, D. E.q(Dennis E.)08iOnline version :aSimmons, C. H. (Colin H.).tManual of engineering drawing.b4th ed.dBurlington : Butterworth Heinemann, c2012z9780080966526w(OCoLC)793995999